Rare book librarianship (Record no. 55593)

MARC details
000 -LEADER
fixed length control field 00524nam a2200157 a 4500
008 - FIXED-LENGTH DATA ELEMENTS--GENERAL INFORMATION
fixed length control field 120416s0000 ||||||||||||||||| || u
020 ## - INTERNATIONAL STANDARD BOOK NUMBER
International Standard Book Number 0851573282
050 ## - LIBRARY OF CONGRESS CALL NUMBER
Classification number Z 688.R3 Cav
100 ## - MAIN ENTRY--PERSONAL NAME
Personal name Cave, Roderick
245 10 - TITLE STATEMENT
Title Rare book librarianship
250 ## - EDITION STATEMENT
Edition statement 2nd ed.
260 ## - PUBLICATION, DISTRIBUTION, ETC.
Place of publication, distribution, etc. London
Name of publisher, distributor, etc. Bingley
Date of publication, distribution, etc. 1982
300 ## - PHYSICAL DESCRIPTION
Extent 162p. : ill.
350 ## - PRICE (NR) (BK AM CF MU VM SE) [OBSOLETE]
Price 0.00
995 ## - RECOMMENDATION 995 [LOCAL, UNIMARC FRANCE]
-- 0.00
-- CBU-MAIN LIBRARY (Kitwe)
-- 1
-- 20.00
-- 1
-- AVAILABLE
-- Jun 26, 2006
-- Annex Low-Usage Collection
Holdings
Withdrawn status Lost status Source of classification or shelving scheme Damaged status Not for loan Home library Current library Shelving location Date acquired Total Checkouts Full call number Barcode Date last seen Price effective from Koha item type
          CBU-MAIN LIBRARY, KITWE. CBU-MAIN LIBRARY, KITWE.   11/30/2022   Z 688.R3 Cav 017536 11/30/2022 11/30/2022 MONOGRAPH